000 00982cam a2200277 a 4500
001 17251518
005 20150504110017.0
008 120411s2012 enk frb 001 0 eng d
020 _a9780230228948 (pbk)
020 _a9780230228931 (hbk)
040 _aUKMGB
_beng
_cUKMGB
_dYDXCP
_dN15
_dBWX
_dOUN
_dDLC
_dEG-ScBUE
082 0 4 _a302.231
_bMEI
_222
100 1 _aMeikle, Graham,
_d1965-
_937796
245 1 0 _aMedia convergence :
_bnetworked digital media in everyday life /
_cGraham Meikle, Sherman Young.
260 _aBasingstoke, England ;
_aNew York :
_bPalgrave Macmillan / Macmillan Publishers,
_c2012.
300 _avi, 242 p. ;
_c22 cm.
500 _aIndex : p. 231-242.
504 _aBibliography : p. 201- 230.
650 7 _aOnline social networks.
_2BUEsh
_914611
650 0 _aMultimedia communications
_2BUEsh
_937797
651 _2BUEsh
653 _bCOMAME
_cMay2015
655 _vreading book
_934232
700 1 _aYoung, Sherman
_937798
942 _2ddc
_k302.231 MEI
999 _c19260
_d19232